000 00818nam a22002417a 4500
005 20180809143910.0
010 _aENG-123704
020 _a9789386906311
_c695.00
035 _aEN-107236
037 _bDBAD/PUB
082 _a792
100 _aBajeli, Diwan Singh
245 _aYatrik:
_cby Diwan Singh Bajeli; ed. by Indu ramchandani; Bhaskar Ghose; Sunit Tandon and Ranjit Mathur
_ba journey into theatrical art /
260 _aNew Delhi
_bNiyogi Books
_c2018
270 _aBlock D, Building No. 77, Okhla Industrial Area, Phase-I
_bNew Delhi
_e110020
300 _a268p.
_c23cm(Hb)
_bill.
500 _aIt includes index of names
700 _aramchandani, Indu
700 _aGhose, Bhaskar
700 _aTandon, Sunit
700 _aMathur, Ranjit
942 _2ddc
_cEN
_mBAJ
_h792
999 _c155714
_d155714